Statistics for True - Spandau Ballet - All Lyrics

Click here to take the quiz!

General Stats

  • This quiz has been taken 21 times
  • The average score is 262 of 332

Answer Stats

Answer% Correct
I
100%
true
100%
a
93%
Huh
93%
huh
93%
is
93%
it
93%
Oh,
93%
So
93%
This
93%
this
93%
uh-huh
93%
of
87%
soul
87%
sound
87%
the
87%
Always
80%
But
80%
But,
80%
Funny
80%
how
80%
in
80%
my
80%
seems
80%
know
73%
Know
73%
know,
73%
line?
73%
line
73%
much
73%
never
73%
time
73%
to
73%
be
67%
next
67%
truth
67%
want
67%
when
67%
world
67%
write
67%
dreams
60%
for
60%
ticket
60%
again
53%
all
53%
back
53%
bought
53%
come
53%
do
53%
find
53%
hard
53%
head
53%
Head
53%
heels
53%
its
53%
I've
53%
now,
53%
on
53%
over
53%
toe
53%
Why
53%
And
47%
and
47%
night
47%
seaside
47%
Take
47%
Listening
40%
long
40%
Marvin
40%
said
40%
arms
33%
own
33%
Sand’s
33%
With
33%
your
33%
from
27%
hands
27%
slipping
27%
known
20%
that
20%
thrill
20%
begun
13%
just
13%
pill
13%
tongue
13%
Dissolve
7%
have
7%
nerves
7%
slways
0%

Score Distribution

Percentile by Number Answered

Percent of People with Each Score

Your Score History

You have not taken this quiz